Botany : For degree students. Part - 2. Fungi (Record no. 1393513)

MARC details
000 -LEADER
fixed length control field 00634nam a2200217Ia 4500
005 - DATE AND TIME OF LATEST TRANSACTION
control field 20250508165147.0
008 - FIXED-LENGTH DATA ELEMENTS--GENERAL INFORMATION
fixed length control field 008 250505s9999 xx 000 0 eng d
020 ## - INTERNATIONAL STANDARD BOOK NUMBER
International Standard Book Number 81-7092-019-1
037 ## - SOURCE OF ACQUISITION
Stock number TextBook
040 ## - CATALOGING SOURCE
Original cataloging agency FEDL
Language of cataloging eng
Transcribing agency FEDL
041 ## - LANGUAGE CODE
Language code of text/sound track or separate title eng
Source of code eng
084 ## - COLON CLASSIFICATION NUMBER
Classification number 589.2, VAS/R
Assigning agency FEDL
100 ## - MAIN ENTRY--PERSONAL NAME
Personal name Vashishta B R
9 (RLIN) 627127
245 #0 - TITLE STATEMENT
Title Botany : For degree students. Part - 2. Fungi
260 ## - PUBLICATION, DISTRIBUTION, ETC.
Place of publication, distribution, etc. New Delhi, India
Name of publisher, distributor, etc. S. Chand and Company Limited
Date of publication, distribution, etc. 2002
300 ## - PHYSICAL DESCRIPTION
Extent xiii,676p.
365 ## - TRADE PRICE
Price type code INR
Price amount 160
546 ## - LANGUAGE NOTE
Language note RSPEE; Revised by : A K Sinha
942 ## - ADDED ENTRY ELEMENTS (KOHA)
Koha item type Textbook
Classification part 589.2, VAS/R
Holdings
Withdrawn status Lost status Damaged status Not for loan Home library Current library Date acquired Cost, normal purchase price Total Checkouts Full call number Barcode Date last seen Price effective from Koha item type
        Department of Education Library Department of Education Library 2025-05-08 160.00   589.2, VAS/R EL0087152 2025-05-08 2025-05-08 Textbook
Copyright @ Delhi University Library System